000 00197nam a2200073Ia 4500
008 170817s9999 xx 000 0 und d
100 _aTripathi.Naresh.Chandra
245 0 _aShiksha Ke Nutan Ayam
260 _bAgarwal Prakashan Agara
999 _c39380
_d39380